ბათუმის შოთა რუსთაველის სახელმწიფო უნივერსიტეტის ბიბლიოთეკა

Электрические освещение производственных и гражданских зданий. (ბიბ.ჩანაწერი № 40646)

000 -LEADER
fixed length control field 00754nam a2200217Ia 4500
001 - CONTROL NUMBER
control field 7274
003 - CONTROL NUMBER IDENTIFIER
control field GE_BSU
008 - FIXED-LENGTH DATA ELEMENTS--GENERAL INFORMATION
fixed length control field 181216s||||||||xx |||||||||||||| ||und||
040 ## - CATALOGING SOURCE
Transcribing agency GE_BSU
080 ## - UNIVERSAL DECIMAL CLASSIFICATION NUMBER
Universal Decimal Classification number 628.9
100 ## - MAIN ENTRY--PERSONAL NAME
Personal name Волоцкой,Н.В. Кнорринг,Г.М.
245 ## - TITLE STATEMENT
Title Электрические освещение производственных и гражданских зданий.
245 ## - TITLE STATEMENT
Statement of responsibility, etc. Ред. С.А.Клюев, Г.М.Кнорринг.
260 ## - PUBLICATION, DISTRIBUTION, ETC.
Place of publication, distribution, etc. М.-Л.
260 ## - PUBLICATION, DISTRIBUTION, ETC.
Name of publisher, distributor, etc. Энергия.
260 ## - PUBLICATION, DISTRIBUTION, ETC.
Date of publication, distribution, etc. 1964.
300 ## - PHYSICAL DESCRIPTION
Extent 768стр.22см.
300 ## - PHYSICAL DESCRIPTION
Accompanying material рис. табл.
653 ## - INDEX TERM--UNCONTROLLED
Uncontrolled term Электрические освещение производственных и гражданских зданий.
942 ## - ADDED ENTRY ELEMENTS (KOHA)
Koha item type წიგნი

არაა ხელმისაწვდომი ეგზემპლარები.